000 00916cam a22002777a 4500
003 MX-MxUPN
005 20260427094952.0
008 260326s2010 mx|a|||dr|||| 000 0 spa d
020 _a9786077616139
040 _aMX-MxUPN
_bspa
041 0 _aspa
050 4 _aLB1645 M62
_bH476 2010
100 1 _aHernández Acosta, Rosa Elisa T.
_959374
100 1 _aUrdapilleta Leyva, Olivia
_959375
100 1 _aHeiblum Robles, Alan
_959376
100 1 _aVelázquez Soto, Reina Enriqueta
_959377
245 1 0 _aMatemáticas 2 :
_bsecundaria segundo grado
250 _aPrimera edición
260 _aMéxico, D.F. :
_bTerracota,
_c2010
300 _a336 páginas :
_bilustraciones
650 4 _aMatemáticas
_xEstudio y enseñanza (Secundaria)
_94860
650 4 _aMatemáticas
_vLibros de texto
_919875
902 _aMarielOrtiz/260326
_bVíctorGodínez/270426
942 _2lcc
_cLIBRO
999 _c214886
_d214886